000 00717nam 22002293 4500
001 200326
021 _aPT
_b32788/89
090 _a200326
100 _a20260203d u||y0pory50 ba
200 _aA noite da aranha
_fJohn Flandres, adaptação e texto Jacques Stoquart, desenhos Rene Follet
_gcor Luce Daniels
210 _aLisboa
_cMeribérica/Liber
_dD.L. 1989
215 _a48 p.
_cil. ; brochado
_d29 cm
225 _aAs investigações de Edmund Bell
606 _91586
_aDesenho Artístico
610 _aBanda Desenhada
675 _a74
_vPT
_zpor
700 _916140
_aFlandres
_bJohn
701 _916141
_aStoquart
_bJacques
702 _916142
_aFollet
_bRene
801 _aPT
_bBMMN
_gRPC
830 _cIsabel
990 _cLIVROS